000 00435nam a2200145Ia 4500
003 OSt
005 20260123105410.0
008 211028s2016 xx 000 0 und d
040 _cAIMIT LIBRARY
041 _aeng
100 _aJoseph, Jinu; P V, Sumitha.
_g1416065
_97487
245 _aStudy on options trading strategies in nifty at cochin stock exchange (Erstwhile) /
260 _aMangalore
_bP V Sumitha.
_c2016
942 _2ddc
_cPRO
999 _c219055
_d219055